000 00420nam a22001697a 4500
005 20260511115540.0
008 260511b |||||||| |||| 00| 0 eng d
020 _a9788172234980
041 _aEng
082 _a823 COE
100 _aCoelho, Paulo
245 _aThe Alchemist: A Fable About Following Your Dream
260 _aLondon
_bHapper
_c2025
300 _a172;. P. 22 cm
650 _aFiction
942 _cBK
999 _c46522
_d46522